مكتبة جامعة عجلون الوطنية

فهرس بحث المكتبة

Design of Reinforced Concrete Beams :According to New egyptian code concept203-2001 (Record no. 2190)

MARC details
000 -LEADER
fixed length control field 00696nam a2200229Ii 4500
003 - CONTROL NUMBER IDENTIFIER
control field JO-AjNU
008 - FIXED-LENGTH DATA ELEMENTS--GENERAL INFORMATION
fixed length control field 230606s9999||||xx |||||||||||||| ||und||
017 ## - COPYRIGHT OR LEGAL DEPOSIT NUMBER
Copyright or legal deposit number 1995/10966
020 ## - INTERNATIONAL STANDARD BOOK NUMBER
International Standard Book Number 977-5035-97
040 ## - CATALOGING SOURCE
Original cataloging agency JO-AjNU
Language of cataloging eng
Description conventions rda
Transcribing agency JO-AjNU
041 ## - LANGUAGE CODE
Language code of text/sound track or separate title eng
050 14 - LIBRARY OF CONGRESS CALL NUMBER
Classification number TA660.B4.W34.2005
100 3# - MAIN ENTRY--PERSONAL NAME
Personal name Waked, khalil ibrahim,
Relator term author
9 (RLIN) 4214
245 00 - TITLE STATEMENT
Title Design of Reinforced Concrete Beams :According to New egyptian code concept203-2001
250 ## - EDITION STATEMENT
Edition statement 4 ed
264 31 - PRODUCTION, PUBLICATION, DISTRIBUTION, MANUFACTURE, AND COPYRIGHT NOTICE
Place of production, publication, distribution, manufacture القاهرة:دار الكتب العلمية,2005
300 ## - PHYSICAL DESCRIPTION
Extent 342p
336 ## - CONTENT TYPE
Content type term text
Content type code txt
Source rdacontent
337 ## - MEDIA TYPE
Media type term unmediated
Media type code n
Source rdamedia
338 ## - CARRIER TYPE
Carrier type term volume
Carrier type code nc
Source rdacarrier
650 #4 - SUBJECT ADDED ENTRY--TOPICAL TERM
Topical term or geographic name entry element Beams
9 (RLIN) 4215
Holdings
Withdrawn status Lost status Source of classification or shelving scheme Damaged status Not for loan Home library Current library Shelving location Date acquired Total Checkouts Full call number Barcode Date last seen Price effective from Koha item type
    Library of Congress Classification     مكتبة جامعة عجلون الوطنية مكتبة جامعة عجلون الوطنية المجموعات العامة 06/06/2023   TA660.B4.W34.2005 E2192 06/06/2023 06/06/2023 Books